000 00482nam a2200181Ia 4500
001 16490
005 20260306170313.0
008 260306t2023||||xx |||||||||||||| ||und||
041 _aESP
082 _a348.6
_bM42
100 _aMendoza Legoas, Luis,
_eAUT
245 0 _aLa inspección del trabajo :
_bjurisprudencia del Tribunal de fiscalización laboral
260 _c2023
300 _a139 páginas :
_c20 cm.
650 _aGEN
654 _aCDE
942 _cLIB
_dJUS
_fJUS
_2ddc
_n
999 _c16490
_d16490